[Event "12th World Teams Women"]
[Site "Astana KAZ"]
[Date "2019.03.06"]
[Round "2.5"]
[Board "3"]
[White "Assaubayeva, Bibisara"]
[Black "Padmini, Rout"]
[Result "1-0"]
[WhiteTitle "FM"]
[BlackTitle "IM"]
[WhiteElo "2376"]
[BlackElo "2332"]
[WhiteTeam "Kazakhstan"]
[BlackTeam "India"]
[WhiteFideId "13708694"]
[BlackFideId "5029295"]
[EventDate "2019.03.05"]

1. d4 Nf6 2. c4 e6 3. Nf3 d5 4. Nc3 Be7 5. Bg5 h6 6. Bxf6 Bxf6 7. Qc2 O-O 8.
O-O-O c5 9. dxc5 Na6 10. cxd5 Qa5 11. e4 Nb4 12. Qa4 Qxc5 13. e5 Bd8 14. d6 Nd5
15. Qd4 Qxd4 16. Nxd4 Nxc3 17. bxc3 Bd7 18. Bd3 Rc8 19. Kb2 f6 20. f4 fxe5 21.
fxe5 Rf2+ 22. Kb3 b5 23. Bxb5 Bxb5 24. Nxb5 Rb8 25. Kc4 Rc8+ 26. Kd3 Rc5 27. Nd4
Ba5 28. Nxe6 Rxc3+ 29. Kd4 Ra3 30. d7 Re2 31. d8=Q+ Bxd8 32. Nxd8 Ra4+ 33. Kd5
Ra5+ 34. Kd6 Raxe5 35. Nc6 Rg5 36. a4 Rgxg2 37. h4 Rc2 38. h5 a6 39. Rhe1 Rg4
40. a5 Rgc4 41. Re8+ Kh7 42. Ne5 Rh4 43. Ke6 1-0

[Event "12th World Teams Women"]
[Site "Astana KAZ"]
[Date "2019.03.06"]
[Round "2.5"]
[Board "4"]
[White "Kulkarni, Bhakti"]
[Black "Dauletova, Gulmira"]
[Result "1-0"]
[WhiteTitle "CM"]
[BlackTitle "WIM"]
[WhiteElo "2322"]
[BlackElo "2263"]
[WhiteTeam "India"]
[BlackTeam "Kazakhstan"]
[WhiteFideId "5019516"]
[BlackFideId "13702971"]
[EventDate "2019.03.05"]

1. d4 Nf6 2. c4 e6 3. Nc3 Bb4 4. e3 O-O 5. Ne2 d5 6. a3 Be7 7. Nf4 c6 8. Bd3 Na6
9. cxd5 exd5 10. O-O Nc7 11. b4 Re8 12. b5 c5 13. dxc5 Bxc5 14. Bb2 Bg4 15. Qb3
d4 16. exd4 Bxd4 17. Bc4 Ne6 18. Nxe6 Bxe6 19. Rad1 Rc8 20. Bxe6 Rxe6 21. Ne2
Rxe2 22. Bxd4 b6 23. Qf3 Re6 24. Bxf6 Qxf6 25. Qb7 Rce8 26. Qxa7 h5 27. Qc7 Qg5
28. Qd7 h4 29. h3 Re2 30. a4 Qc5 31. Rc1 Qe7 32. Qd4 Qa3 33. Ra1 Qb2 34. Qxb6
R8e4 35. a5 Kh7 36. a6 Re6 37. Qd8 Rf6 38. Qd3+ g6 39. Qxe2 Qxe2 40. a7 Qxb5 41.
a8=Q 1-0

[Event "12th World Teams Women"]
[Site "Astana KAZ"]
[Date "2019.03.07"]
[Round "3.1"]
[Board "2"]
[White "Wafa, Shrook"]
[Black "Gunina, Valentina"]
[Result "0-1"]
[WhiteTitle "WGM"]
[BlackTitle "GM"]
[WhiteElo "2166"]
[BlackElo "2515"]
[WhiteTeam "Egypt"]
[BlackTeam "Russia"]
[WhiteFideId "10609970"]
[BlackFideId "4167570"]
[EventDate "2019.03.05"]

1. e4 e5 2. Nf3 Nc6 3. Bb5 Nf6 4. O-O Nxe4 5. d4 Nd6 6. Bxc6 dxc6 7. dxe5 Nf5 8.
Qxd8+ Kxd8 9. Nc3 Be7 10. h3 Nh4 11. Nxh4 Bxh4 12. Ne4 Bf5 13. Ng5 Ke8 14. c3 h6
15. Nf3 Be7 16. Nd4 Bd7 17. a4 c5 18. Nb5 Rc8 19. Bf4 Be6 20. Nxa7 Ra8 21. Nb5
Kd7 22. Rfc1 g5 23. Bg3 h5 24. c4 Rag8 25. b3 h4 26. Bh2 g4 27. Rd1+ Kc8 28.
hxg4 Bxg4 29. Rd3 Rd8 30. Re3 Bg5 31. f4 Be7 32. Nc3 Rd2 33. Nd5 Bd8 34. Rf1 Be2
35. Re1 Bd3 36. Rf3 c6 37. Nc3 Ba5 38. Ne4 Rb2 39. Rxd3 Bxe1 40. Kf1 Rg8 41. Bg1
Rgxg2 42. Bxc5 Rh2 43. Nd6+ Kb8 44. Nxf7 Rh1+ 45. Bg1 h3 46. e6 Bf2 47. Rd8+ Ka7
48. Rg8 h2 0-1

[Event "12th World Teams Women"]
[Site "Astana KAZ"]
[Date "2019.03.07"]
[Round "3.1"]
[Board "3"]
[White "Goryachkina, Aleksandra"]
[Black "Elansary, Eman"]
[Result "1-0"]
[WhiteTitle "GM"]
[BlackTitle "WIM"]
[WhiteElo "2504"]
[BlackElo "1944"]
[WhiteTeam "Russia"]
[BlackTeam "Egypt"]
[WhiteFideId "4147103"]
[BlackFideId "10606700"]
[EventDate "2019.03.05"]

1. e4 Nf6 2. e5 Nd5 3. d4 d6 4. c4 Nb6 5. exd6 exd6 6. Nc3 Be7 7. Bd3 Nc6 8.
Nge2 Bg4 9. f3 Bh4+ 10. Ng3 Bd7 11. Be3 O-O 12. O-O Nb4 13. Be2 Bxg3 14. hxg3
Bf5 15. Rc1 Re8 16. Bf2 Rxe2 17. Nxe2 Nd3 18. Rc3 Nxb2 19. Qb3 N2xc4 20. Rxc4
Be6 21. d5 Bxd5 22. Bxb6 axb6 23. Nf4 Bxc4 24. Qxc4 Ra5 25. Re1 Re5 26. Rxe5
dxe5 27. Qd5 Qd6 28. Qxd6 cxd6 29. Nd5 b5 30. Kf2 Kf8 31. Ke3 Ke8 32. Nc7+ Kd7
33. Nxb5 Kc6 34. Nc3 d5 35. Kd3 f5 36. f4 Kd6 37. Ne2 h6 38. Ng1 exf4 39. gxf4
g5 40. fxg5 hxg5 41. Nh3 g4 42. Nf4 Kc5 43. g3 b5 44. a3 b4 45. axb4+ Kxb4 46.
Nxd5+ Kc5 47. Ne3 Kd6 48. Nxf5+ Ke5 49. Ne3 Kf6 50. Nxg4+ Kf5 51. Ne3+ 1-0

[Event "12th World Teams Women"]
[Site "Astana KAZ"]
[Date "2019.03.07"]
[Round "3.2"]
[Board "1"]
[White "Muzychuk, Mariya"]
[Black "Hoang, Thanh Trang"]
[Result "1-0"]
[WhiteTitle "GM"]
[BlackTitle "GM"]
[WhiteElo "2560"]
[BlackElo "2454"]
[WhiteTeam "Ukraine"]
[BlackTeam "Hungary"]
[WhiteFideId "14114550"]
[BlackFideId "12400149"]
[EventDate "2019.03.05"]

1. d4 e6 2. g3 f5 3. Bg2 Nf6 4. Nf3 d5 5. O-O Bd6 6. c4 c6 7. b3 Qe7 8. a4 a5 9.
Ba3 Bxa3 10. Nxa3 O-O 11. Nc2 b6 12. Nce1 Bb7 13. Nd3 Na6 14. Nfe5 Rac8 15. Rc1
c5 16. cxd5 exd5 17. e3 Nb4 18. Nxb4 axb4 19. Qd3 Ne4 20. Bxe4 dxe4 21. Qb5 cxd4
22. exd4 Qd6 23. Qd7 Qd5 24. Qxd5+ Bxd5 25. Nd7 Rxc1 26. Rxc1 Re8 27. Nxb6 Bxb3
28. Rb1 e3 29. fxe3 Rxe3 30. a5 Bc2 31. Rxb4 Ra3 32. Nc4 Ra1+ 33. Kf2 Kf8 34. d5
Ke7 35. d6+ Ke6 36. Rb7 Ba4 37. Rxg7 Bb5 38. Re7+ Kf6 39. Nb6 Rxa5 40. Rxh7 Ke5
41. d7 Ra2+ 42. Ke1 Ra1+ 43. Kd2 Ra2+ 44. Kc3 Bxd7 45. Nxd7+ Ke4 46. Rh4+ Kf3
47. Ne5+ Kg2 48. Kd3 Kg1 49. Ke3 Rf2 50. Rf4 1-0

[Event "12th World Teams Women"]
[Site "Astana KAZ"]
[Date "2019.03.07"]
[Round "3.2"]
[Board "3"]
[White "Gaponenko, Inna"]
[Black "Terbe, Julianna"]
[Result "1-0"]
[WhiteTitle "IM"]
[BlackTitle "WIM"]
[WhiteElo "2427"]
[BlackElo "2306"]
[WhiteTeam "Ukraine"]
[BlackTeam "Hungary"]
[WhiteFideId "14101181"]
[BlackFideId "708780"]
[EventDate "2019.03.05"]

1. e4 c5 2. Nc3 Nc6 3. Bb5 Nd4 4. Nf3 a6 5. Bc4 b5 6. Bd5 Rb8 7. Nxd4 cxd4 8.
Ne2 Nf6 9. Nxd4 e6 10. Bb3 Nxe4 11. Qe2 Bb7 12. d3 Bb4+ 13. Kf1 Bc5 14. Be3 Qb6
15. c3 Nf6 16. h4 b4 17. h5 bxc3 18. bxc3 Nd5 19. Bxd5 Bxd5 20. Kg1 O-O 21. Rh4
f5 22. c4 Ba8 23. Nb3 Qb7 24. f3 Be7 25. Rh1 e5 26. Bf2 Bf6 27. Bh4 Qb6+ 28. c5
Qd8 29. Bxf6 Qxf6 30. Re1 Rbe8 31. Qb2 d6 32. cxd6 Qxd6 33. Rh4 Qd8 34. Ra4 Qg5
35. Qf2 e4 36. f4 Qxh5 37. Rxa6 exd3 38. Rae6 Rxe6 39. Rxe6 Be4 40. Nd2 Qd1+ 41.
Kh2 Rc8 42. Nxe4 fxe4 43. Qh4 Qc2 44. Qg5 Qc4 45. Qe5 Qc7 46. Re8+ Rxe8 47.
Qxe8# 1-0

[Event "12th World Teams Women"]
[Site "Astana KAZ"]
[Date "2019.03.07"]
[Round "3.2"]
[Board "4"]
[White "Havanecz, Bianka"]
[Black "Buksa, Nataliya"]
[Result "1/2-1/2"]
[WhiteTitle "WIM"]
[BlackTitle "IM"]
[WhiteElo "2270"]
[BlackElo "2416"]
[WhiteTeam "Hungary"]
[BlackTeam "Ukraine"]
[WhiteFideId "704814"]
[BlackFideId "14123622"]
[EventDate "2019.03.05"]

1. Nf3 Nf6 2. g3 d5 3. Bg2 e6 4. O-O Be7 5. d4 O-O 6. c4 dxc4 7. Qc2 b6 8. Nbd2
Bb7 9. Nxc4 Be4 10. Qa4 Nbd7 11. Rd1 Qe8 12. Nce5 c5 13. Bf4 Nxe5 14. Qxe8 Rfxe8
15. Nxe5 Bxg2 16. Kxg2 Nd5 17. dxc5 Bxc5 18. Nd3 Nxf4+ 19. Nxf4 Red8 20. Rac1
Kf8 21. Nd3 Bd6 22. Rc4 Rac8 23. Rdc1 Rxc4 24. Rxc4 Ke7 25. f4 f6 26. Kf3 a5 27.
a4 Rb8 28. b4 axb4 29. Nxb4 Kd7 30. Nd3 Ra8 31. g4 Ra5 32. h3 Rd5 33. Ke4 g6 34.
Rc1 Ra5 35. Rc4 h5 36. Kf3 Ra8 37. e4 hxg4+ 38. hxg4 Rh8 39. e5 Rh3+ 40. Ke2
Rh2+ 41. Kf3 Rh3+ 42. Ke2 fxe5 43. Nxe5+ Bxe5 44. fxe5 Rb3 45. Rd4+ Ke7 46. Rc4
Ke8 47. Kf2 g5 48. Rc8+ Kd7 49. Rc4 b5 50. Rd4+ Ke7 51. axb5 Rxb5 52. Re4 Kd7
53. Kf3 Kc6 54. Re3 Kd5 55. Rd3+ Kxe5 56. Re3+ Kd6 57. Ra3 Ke5 58. Re3+ Kf6 59.
Ra3 Rb4 60. Ra5 Rb3+ 61. Kf2 Rd3 62. Rb5 Rd5 63. Rb3 Ke5 64. Ke3 Ra5 65. Rc3 Ra1
66. Rc5+ Kf6 67. Rb5 Rg1 68. Kf3 Rf1+ 69. Kg3 Rf4 70. Ra5 Rd4 71. Kf3 Rd3+ 72.
Kf2 e5 73. Ra6+ Kf7 74. Ra7+ Ke6 75. Rg7 Kf6 76. Rg8 Rd4 77. Kg3 Rd3+ 78. Kg2
Rb3 79. Rf8+ Ke6 80. Rf5 Kd5 81. Rxg5 Kd4 82. Rg8 Rb2+ 83. Kg3 1/2-1/2

[Event "12th World Teams Women"]
[Site "Astana KAZ"]
[Date "2019.03.07"]
[Round "3.4"]
[Board "3"]
[White "Yip, Carissa"]
[Black "Batsiashvili, Nino"]
[Result "1/2-1/2"]
[WhiteTitle "FM"]
[BlackTitle "GM"]
[WhiteElo "2279"]
[BlackElo "2454"]
[WhiteTeam "United States of America"]
[BlackTeam "Georgia"]
[WhiteFideId "2090732"]
[BlackFideId "13602993"]
[EventDate "2019.03.05"]

1. e4 c6 2. d4 d5 3. Nc3 dxe4 4. Nxe4 Nf6 5. Nxf6+ exf6 6. c3 Bd6 7. Bd3 O-O 8.
Qc2 Re8+ 9. Ne2 h5 10. Be3 Nd7 11. O-O-O Nf8 12. Ng3 g6 13. Ne4 Be6 14. Kb1 b5
15. Nxd6 Qxd6 16. h4 a5 17. c4 bxc4 18. Bxc4 Reb8 19. Rc1 Bf5 20. Bd3 Bxd3 21.
Qxd3 Rb5 22. Rhd1 Rab8 23. Rd2 Qd5 24. f3 Ne6 25. Qc4 R5b6 26. Qxd5 cxd5 27. Rc3
f5 28. Ra3 f4 29. Bf2 Rb5 30. Ra4 Kf8 31. Rc2 Ke7 32. Be1 Ra8 33. Bd2 f6 34. Rc1
Kd7 35. Ka1 Ra6 36. Bc3 Rc6 37. Kb1 Ra6 38. Kc2 Nc7 39. Kd3 Na8 40. b4 Nb6 41.
Rxa5 Rbxa5 42. bxa5 Nc4 43. Rb1 Ke6 44. Rb5 1/2-1/2

[Event "12th World Teams Women"]
[Site "Astana KAZ"]
[Date "2019.03.08"]
[Round "4.1"]
[Board "1"]
[White "Lagno, Kateryna"]
[Black "Karavade, Eesha"]
[Result "1-0"]
[WhiteTitle "GM"]
[BlackTitle "IM"]
[WhiteElo "2559"]
[BlackElo "2357"]
[WhiteTeam "Russia"]
[BlackTeam "India"]
[WhiteFideId "14109336"]
[BlackFideId "5012600"]
[EventDate "2019.03.05"]

1. e4 c5 2. Nf3 d6 3. Bb5+ Nc6 4. O-O Bd7 5. Re1 a6 6. Bxc6 Bxc6 7. d4 cxd4 8.
Nxd4 Rc8 9. Bg5 Qa5 10. Bf4 e5 11. Nxc6 Rxc6 12. Bd2 Qd8 13. b3 h6 14. c4 Nf6
15. Nc3 Be7 16. a4 O-O 17. Be3 Nh7 18. Ra2 Bg5 19. Rd2 Kh8 20. g3 Bxe3 21. Rxe3
Ng5 22. Red3 Qa5 23. h4 Ne6 24. Kg2 Rd8 25. Nd5 b5 26. axb5 axb5 27. b4 Qa6 28.
cxb5 Qxb5 29. Qh5 Rf8 30. Rf3 Rc1 31. Rfd3 Qc4 32. Qe2 Nd4 33. Qe3 Nc2 34. Rxc2
Rxc2 35. Qf3 Rc1 36. Ne7 Ra8 37. Rxd6 Qf1+ 38. Kh2 Rc2 39. Rxh6+ 1-0

[Event "12th World Teams Women"]
[Site "Astana KAZ"]
[Date "2019.03.08"]
[Round "4.1"]
[Board "3"]
[White "Goryachkina, Aleksandra"]
[Black "Tania, Sachdev"]
[Result "1-0"]
[WhiteTitle "GM"]
[BlackTitle "IM"]
[WhiteElo "2504"]
[BlackElo "2400"]
[WhiteTeam "Russia"]
[BlackTeam "India"]
[WhiteFideId "4147103"]
[BlackFideId "5007844"]
[EventDate "2019.03.05"]

1. d4 Nf6 2. c4 e6 3. Nc3 Bb4 4. f3 O-O 5. a3 Bxc3+ 6. bxc3 Nh5 7. Nh3 f5 8. e4
fxe4 9. Ng5 Nf4 10. Nxe4 d5 11. Nf2 dxc4 12. Bxf4 Rxf4 13. Bxc4 Nc6 14. O-O Ne7
15. Qd2 Rf8 16. Rae1 Nd5 17. Re5 c6 18. Rc1 Bd7 19. Ne4 Rf5 20. Rxf5 exf5 21.
Nc5 b6 22. Nd3 Be6 23. Re1 Qd6 24. Re5 g6 25. Qe1 Bf7 26. Bxd5 cxd5 27. a4 Rc8
28. Re7 Rc7 29. Rxc7 Qxc7 30. h4 Qc4 31. Ne5 Qxa4 32. h5 Qe8 33. h6 Qe7 34. Qg3
a5 35. Kf2 Be8 36. Nd3 a4 37. Qb8 a3 38. Qa8 Kf8 39. g3 Qg5 40. Qxa3+ Kg8 41.
Qa8 Kf8 42. Nf4 Qxh6 43. Qxd5 Qh2+ 44. Ng2 Qh6 45. f4 Qg7 46. Qd6+ Qe7 47. Qxb6
Qe4 48. Qd6+ Kf7 49. Qc7+ Kf8 50. Qc5+ Kf7 51. Ne3 Qb1 52. d5 Qb2+ 53. Kf3 Qb1
54. c4 h5 55. Qc7+ Kf8 56. Qd6+ Kf7 57. Qe6+ Kf8 58. Qf6+ Bf7 59. c5 Kg8 60.
Qd8+ Kg7 61. Qe7 Kg8 62. Qe5 Qh1+ 63. Kf2 h4 64. gxh4 Qxh4+ 65. Ke2 Qh2+ 66. Kd3
Qa2 67. c6 Qb1+ 68. Kc4 Qa2+ 69. Kb4 Qb1+ 70. Kc5 Qc1+ 71. Nc4 Qg1+ 72. Qd4 Qe1
73. c7 Qe7+ 74. d6 1-0

[Event "12th World Teams Women"]
[Site "Astana KAZ"]
[Date "2019.03.08"]
[Round "4.1"]
[Board "4"]
[White "Kulkarni, Bhakti"]
[Black "Girya, Olga"]
[Result "0-1"]
[WhiteTitle "CM"]
[BlackTitle "WGM"]
[WhiteElo "2322"]
[BlackElo "2456"]
[WhiteTeam "India"]
[BlackTeam "Russia"]
[WhiteFideId "5019516"]
[BlackFideId "4195752"]
[EventDate "2019.03.05"]

1. d4 Nf6 2. c4 e6 3. Nc3 Bb4 4. e3 O-O 5. Ne2 d5 6. a3 Be7 7. cxd5 exd5 8. Nf4
c6 9. Bd3 Re8 10. O-O Nbd7 11. f3 Nf8 12. Bd2 Bd6 13. Qc2 Ng6 14. Nfe2 c5 15.
Nb5 c4 16. Bxg6 hxg6 17. Nxd6 Qxd6 18. Ng3 b5 19. a4 b4 20. Rfe1 a5 21. e4 dxe4
22. Qxc4 exf3 23. Rxe8+ Nxe8 24. gxf3 Ba6 25. Qc5 Qf6 26. Rc1 Qxf3 27. Qc6 Qxc6
28. Rxc6 Bb7 29. Rc5 Bf3 30. Nf1 Nd6 31. Bf4 Ne4 32. Rb5 Bd1 33. Rb8+ Rxb8 34.
Bxb8 Bxa4 35. Bc7 Bc2 36. Bxa5 b3 37. Nd2 Nf6 38. Kf2 Kf8 39. Bb4+ Ke8 40. Nc4
Nd5 41. Ba3 f6 42. Ke2 g5 43. Kd2 Nf4 44. Ne3 Be4 45. Kc3 Ne2+ 46. Kxb3 Nxd4+
47. Kc4 Nf3 48. Bd6 Kd7 49. Kc5 Ke6 50. b4 f5 51. b5 Ba8 52. b6 f4 53. Ng4 Kf5
54. h3 Ke4 55. Be7 Ng1 56. Nf2+ Kf3 57. Bxg5 Kxf2 58. Bxf4 Nxh3 59. Bh2 g5 60.
Kd6 Nf4 61. Ke5 Kf3 62. Kf5 Nh3 63. Ke5 Kg2 0-1

[Event "12th World Teams Women"]
[Site "Astana KAZ"]
[Date "2019.03.08"]
[Round "4.2"]
[Board "1"]
[White "Danielian, Elina"]
[Black "Tan, Zhongyi"]
[Result "1/2-1/2"]
[WhiteTitle "GM"]
[BlackTitle "GM"]
[WhiteElo "2402"]
[BlackElo "2513"]
[WhiteTeam "Armenia"]
[BlackTeam "China"]
[WhiteFideId "13300210"]
[BlackFideId "8603642"]
[EventDate "2019.03.05"]

1. d4 Nf6 2. c4 e6 3. Nc3 Bb4 4. e3 O-O 5. Bd3 d5 6. Nf3 c5 7. O-O cxd4 8. exd4
dxc4 9. Bxc4 b6 10. Bg5 Bb7 11. Re1 Nbd7 12. Rc1 Rc8 13. Bd3 h6 14. Bh4 Be7 15.
Bb1 b5 16. a3 Re8 17. Ne5 Nxe5 18. dxe5 Nd7 19. Bg3 a6 20. h4 Nf8 21. h5 Rc4 22.
Ne4 Rxc1 23. Qxc1 Qd5 24. Bf4 Rc8 25. Qe3 Rc4 26. Qg3 Kh8 27. Kh2 Qd4 28. Bd3
Ra4 29. Re3 Bxe4 30. Bxe4 Qxb2 31. Rb3 Qe2 32. f3 Rxa3 33. Rxa3 Bxa3 34. Bxh6
gxh6 35. Qf4 Kg8 36. Qg3+ Kh8 37. Qf4 Kg8 38. Qg3+ Kh8 1/2-1/2

[Event "12th World Teams Women"]
[Site "Astana KAZ"]
[Date "2019.03.08"]
[Round "4.2"]
[Board "4"]
[White "Ding, Yixin"]
[Black "Ghukasyan, Siranush"]
[Result "1-0"]
[WhiteTitle "WGM"]
[BlackTitle "WIM"]
[WhiteElo "2432"]
[BlackElo "2221"]
[WhiteTeam "China"]
[BlackTeam "Armenia"]
[WhiteFideId "8602972"]
[BlackFideId "13300946"]
[EventDate "2019.03.05"]

1. Nf3 d5 2. g3 c6 3. Bg2 Bg4 4. O-O Nd7 5. d4 e6 6. h3 Bh5 7. c4 Bd6 8. cxd5
cxd5 9. Nc3 Ngf6 10. Qb3 Qb6 11. Qxb6 Nxb6 12. Nb5 Bb8 13. g4 Bg6 14. Ne5 a6 15.
Nc3 O-O 16. Nxg6 hxg6 17. g5 Ne8 18. a4 a5 19. b3 Nd6 20. Bd2 Nf5 21. Nb5 Ne7
22. Bf3 Nc6 23. h4 Nc8 24. e3 Nd6 25. Kg2 Rd8 26. Rh1 Kf8 27. h5 gxh5 28. Rxh5
Ke7 29. Rh7 g6 30. Nc3 Bc7 31. Be2 Rh8 32. Rah1 Rxh7 33. Rxh7 Rd8 34. Bd3 Rg8
35. f3 Nb4 36. Bb1 Nf5 37. Nd1 Kf8 38. Nf2 Bd8 39. f4 Rg7 40. Rh1 Nc6 41. Nd3
Rg8 42. Nc5 b6 43. Na6 Ke8 44. Bd3 Nd6 45. Kf3 Kd7 46. Rh7 Be7 47. b4 axb4 48.
Nxb4 Ne4 49. Nxc6 Nxd2+ 50. Ke2 Kxc6 51. Rxf7 Nb3 52. Rxe7 Nc1+ 53. Kd2 Nxd3 54.
Kxd3 Kd6 55. Rb7 Kc6 56. Ra7 Rh8 57. Rg7 Ra8 58. Rxg6 Kd7 59. Rg7+ Kd6 60. g6
Rxa4 61. Rb7 Ra3+ 62. Ke2 Ra2+ 63. Kf3 Kc6 64. g7 Ra8 65. Ra7 Rb8 66. Kg4 b5 67.
Kg5 b4 68. Kf6 b3 69. Ra1 1-0

[Event "12th World Teams Women"]
[Site "Astana KAZ"]
[Date "2019.03.08"]
[Round "4.3"]
[Board "1"]
[White "Khotenashvili, Bela"]
[Black "Muzychuk, Mariya"]
[Result "1/2-1/2"]
[WhiteTitle "GM"]
[BlackTitle "GM"]
[WhiteElo "2474"]
[BlackElo "2560"]
[WhiteTeam "Georgia"]
[BlackTeam "Ukraine"]
[WhiteFideId "13602640"]
[BlackFideId "14114550"]
[EventDate "2019.03.05"]

1. d4 Nf6 2. c4 g6 3. g3 Bg7 4. Bg2 d5 5. cxd5 Nxd5 6. Nf3 Nb6 7. Nc3 Nc6 8. e3
O-O 9. O-O Re8 10. a3 a5 11. d5 Bxc3 12. dxc6 Qxd1 13. Rxd1 Bg7 14. Nd4 Rb8 15.
Bd2 Bxd4 16. exd4 Nc4 17. Bf4 bxc6 18. Bxc6 Rf8 19. Bxc7 Rxb2 20. Re1 e6 21.
Rec1 Ba6 22. d5 exd5 23. Bxd5 Nb6 24. Bg2 Re8 25. Rc6 Re6 26. Rxe6 fxe6 27. Rc1
a4 28. h4 Nd5 29. Be5 Rb6 30. Bd4 Rd6 31. Rb1 Kf7 32. Bf3 Rd7 33. Bd1 Rc7 34.
Be5 Rc5 35. Bd6 Rc6 36. Be5 Nc3 37. Ra1 Nxd1 38. Rxd1 Ke7 39. Rb1 Kd7 40. Kg2
Rc5 41. f4 Bb5 42. Kf3 h5 43. Ke3 1/2-1/2

[Event "12th World Teams Women"]
[Site "Astana KAZ"]
[Date "2019.03.08"]
[Round "4.3"]
[Board "2"]
[White "Muzychuk, Anna"]
[Black "Arabidze, Meri"]
[Result "0-1"]
[WhiteTitle "GM"]
[BlackTitle "IM"]
[WhiteElo "2555"]
[BlackElo "2392"]
[WhiteTeam "Ukraine"]
[BlackTeam "Georgia"]
[WhiteFideId "14111330"]
[BlackFideId "13604040"]
[EventDate "2019.03.05"]

1. e4 c5 2. c3 Nf6 3. e5 Nd5 4. Nf3 e6 5. d4 cxd4 6. cxd4 d6 7. Bc4 Nc6 8. O-O
Be7 9. Bd2 O-O 10. Nc3 Nb6 11. Bb3 dxe5 12. dxe5 Nd7 13. Re1 b6 14. Bc2 Bb7 15.
a3 Re8 16. Qe2 Ncxe5 17. Nxe5 Nxe5 18. Rad1 Ng6 19. Ba4 Rf8 20. Bg5 Qb8 21. Bxe7
Nxe7 22. Rd7 Ng6 23. Qe3 Bc8 24. Rd2 a6 25. Red1 b5 26. Bc2 Qc7 27. Rd6 Rb8 28.
Be4 b4 29. Na4 bxa3 30. bxa3 Bb7 31. Bxb7 Rxb7 32. g3 Rb1 33. Rxb1 Qxd6 34. Qc5
Qd3 35. Rc1 h6 36. Nb6 Rd8 37. Nc4 Qe2 38. Qa5 Rd1+ 39. Rxd1 Qxd1+ 40. Kg2 Nh4+
41. gxh4 Qg4+ 42. Kf1 Qxc4+ 43. Ke1 h5 44. Qd8+ Kh7 45. Qe7 Qf4 46. Qb7 Qe5+ 47.
Kd2 Qxh2 48. Qxa6 Qxf2+ 49. Kc3 Qxh4 50. a4 Qe1+ 51. Kc2 Qf2+ 52. Kc3 Qe1+ 53.
Kc2 Qf2+ 54. Kc3 h4 55. a5 h3 56. Qd3+ Qf5 0-1

[Event "12th World Teams Women"]
[Site "Astana KAZ"]
[Date "2019.03.08"]
[Round "4.3"]
[Board "3"]
[White "Javakhishvili, Lela"]
[Black "Ushenina, Anna"]
[Result "1/2-1/2"]
[WhiteTitle "IM"]
[BlackTitle "GM"]
[WhiteElo "2455"]
[BlackElo "2443"]
[WhiteTeam "Georgia"]
[BlackTeam "Ukraine"]
[WhiteFideId "13601458"]
[BlackFideId "14110911"]
[EventDate "2019.03.05"]

1. d4 d5 2. c4 e6 3. Nf3 Nf6 4. g3 dxc4 5. Bg2 c5 6. O-O Nc6 7. dxc5 Qxd1 8.
Rxd1 Bxc5 9. Nfd2 Nd4 10. Nc3 Nd5 11. Nxd5 exd5 12. Bxd5 O-O 13. Kg2 Rd8 14. e4
Bg4 15. f3 Be6 16. Nxc4 Rxd5 17. exd5 Bxd5 18. Rxd4 Bxd4 19. Be3 Bf6 20. Rc1 b6
21. b3 Rd8 22. h4 h6 23. Kf2 Kf8 24. Rd1 Be6 25. Rxd8+ Bxd8 26. Bd4 f6 27. Nd6
Ke7 28. Nb5 a6 29. Nc3 Kd6 30. Ke3 Kc6 31. h5 b5 32. b4 Bf7 33. g4 a5 34. bxa5
Bxa5 35. a3 Bd8 36. Ne2 Be7 37. Bb2 Kc5 38. Nd4 Kc4 39. Nf5 Kb3 40. Nxe7 Kxb2
41. Nf5 Kxa3 42. Nd6 Bc4 43. f4 Kb3 44. Kd4 Be2 45. Ke3 Bf1 46. Nf5 b4 47. Nxg7
Ka2 48. Ne6 b3 49. Nc5 Bh3 50. g5 fxg5 51. fxg5 hxg5 52. Nxb3 Kxb3 53. h6 Bf5
54. Kf3 Kc4 55. h7 Bxh7 56. Kg4 Kd5 57. Kxg5 1/2-1/2

[Event "12th World Teams Women"]
[Site "Astana KAZ"]
[Date "2019.03.08"]
[Round "4.3"]
[Board "4"]
[White "Gaponenko, Inna"]
[Black "Batsiashvili, Nino"]
[Result "1-0"]
[WhiteTitle "IM"]
[BlackTitle "GM"]
[WhiteElo "2427"]
[BlackElo "2454"]
[WhiteTeam "Ukraine"]
[BlackTeam "Georgia"]
[WhiteFideId "14101181"]
[BlackFideId "13602993"]
[EventDate "2019.03.05"]

1. e4 g6 2. d4 Bg7 3. Nc3 d6 4. f4 a6 5. Nf3 b5 6. Bd3 Nd7 7. e5 c5 8. Be4 Rb8
9. dxc5 Nxc5 10. Bc6+ Bd7 11. Bxd7+ Qxd7 12. Be3 b4 13. Nd5 Nh6 14. Bxc5 dxc5
15. Qd3 Qb7 16. O-O O-O 17. Rad1 Rfd8 18. Qc4 e6 19. Ne3 Qb5 20. Qxb5 axb5 21.
g4 Bf8 22. h3 c4 23. Ng5 Kg7 24. Ne4 Ng8 25. Rxd8 Rxd8 26. Rd1 Rxd1+ 27. Nxd1 h6
28. c3 f5 29. exf6+ Nxf6 30. Nxf6 Kxf6 31. Kf2 e5 32. Kf3 bxc3 33. Nxc3 b4 34.
Nd5+ Ke6 35. Ke4 exf4 36. Nxf4+ Kf7 37. Kd4 c3 38. bxc3 Bg7+ 39. Kd3 Bxc3 40.
Kc4 h5 41. gxh5 gxh5 42. Nxh5 Be5 43. Kd5 Bb8 44. Ke4 Kg6 45. Nf4+ Kg5 46. Ng2
Bd6 47. Kd5 Be7 48. Kc4 Bf8 49. Ne1 Kh4 50. Nd3 Kxh3 51. Nxb4 Be7 52. a4 Bd8 53.
Nd5 Kg4 54. Kb5 Kf5 55. Nb6 Ke6 56. Kc6 Bxb6 57. Kxb6 Kd7 58. Kb7 1-0

[Event "12th World Teams Women"]
[Site "Astana KAZ"]
[Date "2019.03.08"]
[Round "4.5"]
[Board "4"]
[White "Havanecz, Bianka"]
[Black "Ehab, Tasneem"]
[Result "1/2-1/2"]
[WhiteTitle "WIM"]
[BlackTitle "WIM"]
[WhiteElo "2270"]
[BlackElo "1841"]
[WhiteTeam "Hungary"]
[BlackTeam "Egypt"]
[WhiteFideId "704814"]
[BlackFideId "10623310"]
[EventDate "2019.03.05"]

1. d4 Nf6 2. c4 g6 3. Nf3 Bg7 4. Nc3 O-O 5. e4 d6 6. Be2 e5 7. O-O Nc6 8. dxe5
dxe5 9. Bg5 h6 10. Qxd8 Rxd8 11. Bxf6 Bxf6 12. Nd5 Bg7 13. Nxc7 Rb8 14. Rad1 Bg4
15. Rxd8+ Rxd8 16. Nd5 Bxf3 17. Bxf3 Nd4 18. Rc1 Kf8 19. Kf1 h5 20. Bd1 Rc8 21.
Ke1 Ke8 22. b4 Kd8 23. Rc3 Bf8 24. Kd2 a5 25. bxa5 Ra8 26. Bb3 Rxa5 27. Rd3 Bc5
28. f4 exf4 29. Nxf4 Ke7 30. Kc3 Nc6 31. Nd5+ Ke6 32. Rf3 Bd4+ 33. Kd2 Rc5 34.
Nf4+ Ke7 35. Rf1 Ne5 36. Rb1 Ra5 37. a4 Kd6 38. Ne2 Bc5 39. Kc3 Ng4 40. Bc2 b6
41. Nd4 Ra6 42. Rf1 Ne3 43. Nb5+ Ke7 44. Ra1 Nxg2 45. e5 Ne3 46. Be4 Ng4 47. e6
fxe6 48. Bxg6 Ra8 49. Bxh5 Nf6 50. Bg6 Rh8 51. Re1 Rh3+ 52. Bd3 Ng4 53. Kc2
Rxh2+ 54. Re2 Rxe2+ 55. Bxe2 Nf6 56. Bf3 e5 57. Kd3 Ke6 58. Nc3 Kd6 59. Nb5+ Ke6
60. Bg2 Kf5 61. Nc3 Ke6 62. Bd5+ Kd6 63. Nb5+ Ke7 64. Nc3 1/2-1/2